000 00533nam a2200181Ia 4500
999 _c21567
_d21567
003 OSt
005 20201020094448.0
008 190216s9999||||xx |||||||||||||| ||und||
020 _a9780199533541
040 _coclc
082 _a809.93592
_bLEE/B
100 _aLee, Hermione
_95944
245 0 _aBiography A Very Short Introduction /
_cHermione Lee
260 _bOxford University Press,
_c2009.
_aNew York:
300 _a170p
650 _aHistory
942 _cBK
_2ddc
_h809.93592
_iLEE/B
_k809.93592
_mLEE/B